Wadabagei a journal of the Caribbean and its diaspora.
| Autores Corporativos: | , |
|---|---|
| Formato: | Electrónico Revista |
| Lenguaje: | inglés |
| Publicado: |
[Brooklyn, NY] :
[Caribbean Diaspora Press],
[1998-]
Lanaham, Md. Lexington Books |
| Materias: | |
| Acceso en línea: | Full text available from PRISMA Database with HAPI Index: 07/01/2004 to 12/31/2011 Full text available from Research Library: 07/01/2004 to 12/31/2011 Full text available from Research Library: 01/01/2013 to 10/31/2016 Full text available from PRISMA Database with HAPI Index: 01/01/2015 to 04/30/2015 |
MARC
| LEADER | 00000nas a22000007i 4500 | ||
|---|---|---|---|
| 001 | ssj0000327701 | ||
| 003 | WaSeSS | ||
| 005 | 20200512172242.0 | ||
| 006 | m d | ||
| 007 | cr n | ||
| 008 | 961104c19989999mdutr p s 0 a0eng | ||
| 010 | |a 2015200167 | ||
| 022 | |a 2377-6595 |y 1091-5753 | ||
| 035 | |a (WaSeSS)ssj0000327701 | ||
| 037 | |b CARF, 534 Commonwealth Ave, Bronx, NY 10473 | ||
| 040 | |a LGG |b eng |c LGG |d OCLCE |d OCLCQ |d DLC |d OCLCF |d NTG |d WaSeSS | ||
| 042 | |a msc |a nsdp | ||
| 043 | |a nw----- | ||
| 050 | 1 | 4 | |a F2183 |b .W33 |
| 082 | 1 | 0 | |a 972.9 |2 23 |
| 082 | 1 | 4 | |a 972 |2 13 |
| 222 | 0 | |a Wadabagei |b (Online) | |
| 245 | 0 | 0 | |a Wadabagei |h [electronic resource] : |b a journal of the Caribbean and its diaspora. |
| 260 | |a [Brooklyn, NY] : |b [Caribbean Diaspora Press], |c [1998-] | ||
| 260 | 2 | |3 <2008-> : |a Lanaham, Md. |b Lexington Books | |
| 310 | |a Three issues per year, |b 2005- | ||
| 321 | |a Semiannual, |b -2004 | ||
| 362 | 1 | |a Began with: Vol. 1, no. 1 (winter/spring 1998) | |
| 500 | |a Latest issue consulted: Vol. 13, No. 3 (Fall 2011) (caramfound.org viewed Mar. 2, 2015) | ||
| 506 | |a License restrictions may limit access. | ||
| 588 | |a Description based on: Vol. 11, No. 2 ( Spring/Summer 2008); title from title page (caramfound.org viewed Mar. 2, 2015). | ||
| 648 | 7 | |a 1900-1999 |2 fast | |
| 650 | 0 | |a West Indians |z Foreign countries |v Periodicals. | |
| 650 | 0 | |a Caribbean Americans |v Periodicals. | |
| 650 | 7 | |a Caribbean Americans. |2 fast |0 (OCoLC)fst00847445 | |
| 650 | 7 | |a Intellectual life. |2 fast |0 (OCoLC)fst00975769 | |
| 651 | 0 | |a Caribbean Area |x Intellectual life |y 20th century |v Periodicals. | |
| 651 | 7 | |a Caribbean Area. |2 fast |0 (OCoLC)fst01244080 | |
| 655 | 0 | |a Electronic journals. | |
| 710 | 2 | |a City University of New York. |b Caribbean Research Center. | |
| 710 | 2 | |a Caribbean-American Research Foundation. | |
| 776 | 0 | 8 | |i Print version: |t Wadabagei |x 1091-5753 |w (DLC)sn 96000885 |w (OCoLC)35842175 |
| 856 | 4 | 0 | |z Full text available from PRISMA Database with HAPI Index: 07/01/2004 to 12/31/2011 |u https://search.proquest.com/publication/16826 |
| 856 | 4 | 0 | |z Full text available from Research Library: 07/01/2004 to 12/31/2011 |u https://search.proquest.com/publication/60396 |
| 856 | 4 | 0 | |z Full text available from Research Library: 01/01/2013 to 10/31/2016 |u https://search.proquest.com/publication/60396 |
| 856 | 4 | 0 | |z Full text available from PRISMA Database with HAPI Index: 01/01/2015 to 04/30/2015 |u https://search.proquest.com/publication/16826 |